书目信息 |
| 题名: |
食用菌病虫害与防治新技术
|
|
| 作者: | 侯振华 主编 | |
| 分册: | ||
| 出版信息: | 沈阳 沈阳出版社 2010.09 |
|
| 页数: | 125页 | |
| 开本: | 21cm | |
| 丛书名: | 构建和谐新农村系列丛书 | |
| 单 册: | ||
| 中图分类: | S436.46 | |
| 科图分类: | ||
| 主题词: | 食用菌--病虫害防治方法 , 食用菌 , 病虫害防治方法 | |
| 电子资源: | ||
| ISBN: | 978-7-5441-4119-2 | |
| 000 | 00950oam2 2200289 450 | |
| 001 | 004849470 | |
| 005 | 20140611152120.65 | |
| 010 | @a978-7-5441-4119-2@dCNY12.00 | |
| 100 | @a20110520d2010 em y0chiy50 ea | |
| 101 | 0 | @achi |
| 102 | @aCN@b210000 | |
| 105 | @ay z 000yy | |
| 106 | @ar | |
| 200 | 1 | @a食用菌病虫害与防治新技术@9shi yong jun bing chong hai yu fang zhi xin ji shu@f侯振华主编 |
| 210 | @a沈阳@c沈阳出版社@d2010.09 | |
| 215 | @a125页@d21cm | |
| 225 | 2 | @a构建和谐新农村系列丛书@i种植类 |
| 300 | @a专家推荐:农村劳动力技能培训用书 | |
| 330 | @a本书共分4章,内容包括食用菌常见病害、制种和发菌期病害、食用菌虫害综合防治、常见食用菌虫害。 | |
| 462 | 0 | @12001 @a构建和谐新农村系列丛书@i种植类 |
| 606 | 0 | @a食用菌@x病虫害防治方法 |
| 606 | 0 | @a食用菌 |
| 606 | 0 | @a病虫害防治方法 |
| 690 | @aS436.46@v4 | |
| 701 | 0 | @a侯振华@9hou zhen hua@c(农业)@4主编 |
| 801 | 0 | @aCN@bNLC@c20110520 |
| 905 | @b549593-96@dS436.46@e92@f4 | |
| 食用菌病虫害与防治新技术/侯振华主编.-沈阳:沈阳出版社,2010.09 |
| 125页;21cm.-(构建和谐新农村系列丛书.种植类) |
| 专家推荐:农村劳动力技能培训用书 |
| ISBN 978-7-5441-4119-2:CNY12.00 |
| 本书共分4章,内容包括食用菌常见病害、制种和发菌期病害、食用菌虫害综合防治、常见食用菌虫害。 |
| ● |
| 相关链接 |
|
|
|
|
正题名:食用菌病虫害与防治新技术
索取号:S436.46/92
 
预约/预借
| 序号 | 登录号 | 条形码 | 馆藏地/架位号 | 状态 | 备注 |
| 1 | 549593 | 205495935 | 第二样本阅览室/ [索取号:S436.46/92] | 在馆 | |
| 2 | 549594 | 205495944 | 密集书库-生命科学系/ [索取号:S436.46/92] | 在馆 | |
| 3 | 549595 | 205495953 | 第三借阅区/ [索取号:S436.46/92] | 在馆 | |
| 4 | 549596 | 205495962 | 第三借阅区/ [索取号:S436.46/92] | 在馆 |